000 00754nam a2200253Ia 4500
003 OSt
005 20221005035119.0
006 a|||||r|||| 00| 0
007 ta
008 221004b |||||||| |||| 00| 0 urd d
020 _c300
024 _a5250
037 _b8557, 25/03/2013, Bookwell Publications
_cTextual
040 _aCRL
_cCRL
_burd
041 _2urd
_aurd
082 _aDelta7:1, 168P8
100 _aMohd. Hussan Mozadiya
_9587973
245 0 _aMasaikh naksh bandiya
260 _aDelhi
_bIdarah i Adabiyat i Delli India
_c2008
300 _a412p.
_ccm.
650 _aSPIRITUALISM
942 _hDelta7:1, 168P8
_cTEXL
_2cc
999 _c944599
_d944599